Statistiques concernant Echelle de mot Quoi-Feur

Cliquez ici pour prendre le quiz!

Statistiques générales

  • Ce quiz a été pris 821 fois
  • Le résultat moyen est 5 sur 10

Statistiques - réponses

HintRéponse% Correct
qui ? que ? .... ? dont ? où ?Quoi
100%
... ? que ? quoi ? dont ? où ? (-1 lettre)Qui
99%
QUOI ? (+1 lettre)Feur
69%
L'autreLui
59%
Le meme mot qu'avant mais au singulier (-1 lettre)Fou
45%
Plus y en a plus on rit (+1 lettre)Fous
45%
RIPFeu
41%
Je suis au passé (-1 lettre)Fus
31%
Un gros qui fait du sport ça .... (+1 lettre)Luis
30%
Un gros qui doit faire du sport ça ...Fuis
21%

Distribution des résultats

Percentile par nombre de réponses

% des personnes avec chaque résultat

Votre développement - résultats

Vous n’avez pas pris ce quiz